Effective programmes for equity in population health in the European union [fact sheet]

Zhromaždenie a posúdenie dôkazov o účinkoch programov a politík s potenciálom zlepšiť zdravie obyvateľstva v európskych krajinách.

Gespeichert in:
Bibliographische Detailangaben
1. Verfasser: Morrison, Joana
Weitere Verfasser: Pilot, Eva, Doreleijers, Simone, Ledoux, Celine, Tkáč, Michal, 1958-, Corman, Diana, Burström, Bo, Pikhart, Hynek, Krafft, Thomas
Format: Buchkapitel
Sprache:Englisch
Schlagworte:
Tags: Tag hinzufügen
Keine Tags, Fügen Sie das erste Tag hinzu!

MARC

LEADER 00000nla a2200000 4500
001 0238958
005 20250922114109.3
041 0 |a eng 
044 |a PT 
245 1 0 |a Effective programmes for equity in population health in the European union  |b [fact sheet]  |c Joana Morrison, Eva Pilot, Simone Doreleijers, Celine Ledoux, Michal Tkac, Diana Corman, Bo Burström, Hynek Pikhart, Thomas Krafft 
520 |a Zhromaždenie a posúdenie dôkazov o účinkoch programov a politík s potenciálom zlepšiť zdravie obyvateľstva v európskych krajinách. 
610 2 0 |a zdravie 
610 2 0 |a ochrana zdravia 
610 2 0 |a starostlivosť o zdravie 
610 2 0 |a politika zdravotná 
610 2 0 |a zdravotníctvo verejné 
610 2 0 |a štýl životný 
610 2 0 |a populácia 
610 2 0 |a obyvateľstvo 
610 2 0 |a Európska únia 
100 1 |a Morrison, Joana 
700 1 |a Pilot, Eva 
700 1 |a Doreleijers, Simone 
700 1 |a Ledoux, Celine 
700 1 |a Tkáč, Michal, 1958- 
700 1 |a Corman, Diana 
700 1 |a Burström, Bo 
700 1 |a Pikhart, Hynek 
700 1 |a Krafft, Thomas